000 00848cam a2200241K 4500
082 _a515.3
_bEDW
_cL-1, P-14.
100 1 _aEdwards, Joseph.,
_939257
245 1 0 _aDifferential calculus for beginners
_cJoseph Edwards,
260 _aLondon,
_bMacmillan and Co.,
_c1945.
300 _a1 online resource (xxv, 278 p.)
_bdiagrs.
490 0 _aCambridge mathematical series
526 _a0
_b0
_c0
_d515_300000000000000_EDW
526 _a0
_b0
_c0
_d515_300000000000000_EDW
526 _a0
_b0
_c0
_d515_300000000000000_EDW
526 _a0
_b0
_c0
_d515_300000000000000_EDW
526 _a0
_b0
_c0
_d515_300000000000000_EDW
526 _a0
_b0
_c0
_d515_300000000000000_EDW
526 _a0
_b0
_c0
_d515_300000000000000_EDW
526 _a0
_b0
_c0
_d515_300000000000000_EDW
650 0 _aDifferential calculus.
_939258
650 0 _aMCE
_9379
942 _2ddc
_cBK
999 _c543768
_d543768